| 000 | 00924nam a2200241 a 4500 | ||
|---|---|---|---|
| 001 | 59418 | ||
| 003 | BD-RJUL | ||
| 005 | 20211209080727.0 | ||
| 008 | 161224s1966 enka 001 0 eng d | ||
| 035 | _a(BD-RJUL)59542 | ||
| 040 |
_aUKM _cUKM _dBD-RJUL _beng |
||
| 041 | _aeng | ||
| 082 | 0 | 4 |
_a338.1 _223 _bTHV 1966 |
| 100 | 1 |
_aThünen, Johann Heinrich von, _d1783-1850. _9176715 |
|
| 245 | 1 | 0 |
_aVon Thünen's Isolated state : _b an English edition of Der isolierte Staat / _cJohann Heinrich von Thünen ; translated by Carla M. Wartenberg, edited with an introduction by Peter Hall. |
| 260 |
_aOxford : _bPergamon Press, _cc1966. |
||
| 300 |
_aviii, 304 p. : _bill. ; _c23 cm. |
||
| 500 | _aIncludes index | ||
| 650 |
_aAgriculture -- Economic aspects _v Economic aspects -- Germany _yRent (Economic theory) _9176716 |
||
| 700 | 1 |
_aWartenberg, Carla M. _9176717 |
|
| 700 | 1 |
_aHall, Peter. _9176718 |
|
| 942 |
_2ddc _cBK |
||
| 999 |
_c59418 _d59418 |
||